Countries of Europe (German) - CAPITALS - Statistics

General Stats
  • This quiz has been taken 66 times
  • The average score is 13 of 23
Answers on the Map
Answers color-coded by a green-red scale on the quiz's map according to % correct below.
 
Answer Stats
Capital Country % Correct
Berlin Deutschland
79%
Paris Frankreich
77%
Wien Österreich
77%
Bern die Schweiz
74%
He stinky Helsinki Finland
72%
Brussel Belgien
69%
London Großbritanien
69%
Madrid Spanien
69%
Rom Italy
69%
Amsterdam die Niederlande
67%
Oslo Norwegen
64%
Dublin Irland
62%
Prag Tschechische Republik
62%
Andorra la Vella Andorra
56%
Kopenhagen Dänemark
51%
Luxemburg Luxemburg
51%
Stockholm Schweden
51%
Vaduz Liechtenstein
46%
Lisbon Portugal
41%
Monaco Monaco
36%
Warsaw Polen
36%
Athens Griechenland
31%
Rekjavik Island
13%
No matching quizzes found
Score Distribution
Percent of People with Each Score
Percentile by Number Answered
Your Score History
You have not taken this quiz